Vista normal
Vista MARC
Entrada Personal Name
Número de registros utilizados en: 1
001 - CONTROL NUMBER
- control field: 7874
003 - CONTROL NUMBER IDENTIFIER
- control field: Mx-PuUPA
005 - DATE AND TIME OF LATEST TRANSACTION
- control field: 20180820113859.0
008 - FIXED-LENGTH DATA ELEMENTS
- fixed length control field: 180820|| aca||aabn | a|a d
040 ## - CATALOGING SOURCE
- Original cataloging agency: DLC
- Language of cataloging: spa
- Transcribing agency: Mx-PuUPA
- Modifying agency: DLC
- Description conventions: rda
100 ## - HEADING--PERSONAL NAME
- Personal name: Tovar Pérez, Francisco
374 ## - OCCUPATION
- Occupation: Periodísta
375 ## - GENDER
- Gender: hombre
377 ## - ASSOCIATED LANGUAGE
- Language code: spa
400 1# - SEE FROM TRACING--PERSONAL NAME
- Personal name: Pérez, Francisco Tovar
670 ## - SOURCE DATA FOUND
- Source citation: El periodismo en la provincia, 1971:
- Information found: de portada (Francisco Tovar Pérez)